000 00512nam a2200181Ia 4500
005 20250923144326.0
008 008 250917s9999 xx 000 0 eng d
037 _aTextual
040 _aDSWL
_beng
_cDSWL
041 _aeng
_2eng
084 _aYX,zK2, N23
_qDSWL
100 _aKlein, Philip
_9823699
245 4 _aThe burden of unemployment
_cby Philip Klein
260 _aNew York
_b Sage
_c1923
300 _a260 p.
942 _cTEXL
_hYX,zK2, N23
999 _c1437475
_d1437475